[Event "Olympiad Women 2024"]
[Site "Budapest HUN"]
[Date "2024.09.14"]
[Round "4.15"]
[Board "2"]
[White "Manova, Ivana"]
[Black "Zimina, Olga"]
[Result "0-1"]
[WhiteElo "2031"]
[BlackElo "2302"]
[PlyCount "74"]
[EventDate "2024.09.11"]
[WhiteTeam "North Macedonia"]
[BlackTeam "Italy"]
[BlackTeamCountry "ITA"]

1. e4 e5 2. Nf3 Nc6 3. Nc3 Nf6 4. d4 exd4 5. Nxd4 Bb4 6. Nxc6 bxc6 7. Bd3 d5 8. exd5 cxd5 9. O-O O-O 10. h3 c6 11. Qf3 Be6 12. Bf4 Bd6 13. Rfe1 Rb8 ({RR} 13... Bxf4 14. Qxf4 Qb8 15. Qxb8 Raxb8 16. Na4 Nd7 17. b3 c5 18. Rad1 Rfc8 19. f4 g6 20. c4 dxc4 21. Bxc4 Bxc4 22. Rxd7 Be6 23. Rxa7 c4 24. Ra5 cxb3 25. axb3 Rc2 26. Nc5 Bxb3 27. Nxb3 Rxb3 28. Rg5 {½-½ Nakamura,H (2777)-So,W (2780) Saint Louis Blitz 2018 (11)}) 14. b3 Rb4 15. Bg5 $146 ({RR} 15. Bxd6 Qxd6 16. a3 Rbb8 17. Bf5 Rfe8 18. Bxe6 Rxe6 19. Rxe6 Qxe6 20. b4 Re8 21. Na4 Qe2 22. Qxe2 Rxe2 23. Rc1 Ne4 24. f3 Nd2 25. Nc5 g6 26. Nd3 Nc4 27. a4 Ne3 28. Ne1 Kg7 29. b5 c5 {0-1 Weber,J (1620)-Reichel,J (1931) GER-ch Net Amateur Gr-A Vor2 blitz 2020 (5)}) ({RR} 15. Bxd6 Qxd6 16. a3 Rf4 17. Qg3 Nh5 18. Qg5 g6 19. Ne2 f6 20. Qh6 Rh4 21. Ng3 Bxh3 22. gxh3 Rxh3 23. Re3 Nf4 24. Nf5 Ne2+ 25. Kf1 Rxh6 26. Nxd6 Rh1+ 27. Kxe2 Rxa1 28. a4 Rh1 29. Re7 Rh5 {1-0 Wyss,J (2291)-Kalyani Sirin (2163) Chess.com Speed Play-In 2024 (9)}) ({RR} 15. Ne2 Qc7 16. Bxd6 Qxd6 17. Rad1 Qc7 18. c3 Rbb8 19. Nf4 Rfe8 20. c4 Rbd8 21. Re3 d4 22. Nxe6 fxe6 23. Re2 c5 24. Rde1 Kf7 25. Re5 Qb6 26. Bxh7 {1-0 Grigoryan,K (2621)-Demerson Joly,J (1859) I Benalmadena Rapid Open 2023 (1.1)}) ({RR} 15. Ne2 h6 16. c3 Rb7 17. Rad1 Re8 18. c4 Bb4 19. Rf1 Bc5 20. Nc3 Rd7 21. Na4 Bf8 22. Rfe1 dxc4 23. Bxc4 Bxc4 24. bxc4 Rxe1+ 25. Rxe1 Qa5 26. Nc3 Qf5 27. Re5 Qd3 28. Qxd3 Rxd3 29. Re3 Rd4 {½-½ Mikhailovsky,V (2184)-Zhao,J (2619) Titled Tuesday intern op 03rd May Early blitz 2022 (3)}) 15... h6 16. Bd2 Nd7 17. Ne2 Ne5 18. Qe3 Rh4 19. Bc3 Nxd3 20. cxd3 Re8 21. Nd4 Bd7 22. Qf3 Rf4 23. Rxe8+ Bxe8 24. Qe2 c5 25. Nf3 d4 26. Ba5 Qa8 27. Nd2 Bc6 28. Nc4 Bb8 29. f3 Rf6 30. Rf1 Re6 31. Qd1 Rg6 32. Be1 Qb7 33. g4 h5 34. Bd2 hxg4 35. fxg4 Bg2 36. Qe1 Bxh3 37. Qe8+ Kh7 0-1

[Event "Olympiad Women 2024"]
[Site "Budapest HUN"]
[Date "2024.09.14"]
[Round "4.15"]
[Board "4"]
[White "Eftovska, Lea"]
[Black "Sala, Giulia"]
[Result "1/2-1/2"]
[WhiteElo "1839"]
[BlackElo "2115"]
[PlyCount "98"]
[EventDate "2024.09.11"]
[WhiteTeam "North Macedonia"]
[BlackTeam "Italy"]
[BlackTeamCountry "ITA"]

1. e4 c5 2. Nc3 a6 3. g3 b5 4. Bg2 Bb7 5. d3 e6 6. f4 Nf6 7. Nf3 d5 8. e5 Ng8 ({RR} 8... Nfd7 9. O-O Be7 10. Ne2 Nc6 11. c3 b4 12. g4 h5 13. gxh5 Rxh5 14. Ng3 Rh8 15. f5 Qb6 16. fxe6 fxe6 17. Ng5 Ncxe5 18. d4 cxd4 19. cxd4 Bf6 20. Kh1 Nf7 21. Nxe6 Qxe6 22. Re1 Nfe5 23. dxe5 {0-1 Gelashvili,T (2560)-Ehlvest,J (2621) Las Vegas National op 2013 (6)}) ({RR} 8... Nfd7 9. O-O h5 10. Qe1 Qb6 11. f5 exf5 12. Ng5 Be7 13. Nxd5 Qc6 14. Nf6+ gxf6 15. Bxc6 Nxc6 16. Nxf7 Kxf7 17. e6+ Ke8 18. exd7+ Kxd7 19. Bf4 Nd4 20. Qd1 h4 21. c3 Ne6 22. d4 Nxf4 23. Rxf4 {0-1 Nithyalakshmi,S (1912)-Hald Falkesgaard,J (2276) Titled Tue 6th Aug Early 2024 (10)}) 9. O-O h5 10. Qe1 $146 ({RR} 10. h4 Nh6 11. Ng5 Nf5 12. Kh2 Nc6 13. b3 Be7 14. a4 b4 15. Ne2 Qc7 16. Ng1 {1-0 Cagara,P (2027)-Garcia Fuentes,S (2134) Titled Tuesday intern op 11th May blitz 2021 (8)}) ({RR} 10. a4 b4 11. Ne2 Nh6 12. b3 Nc6 13. Kh1 Nf5 14. Neg1 Be7 15. Nh3 g6 16. Nf2 Kf8 17. Qd2 Kg7 18. Bb2 Qb6 19. Qe2 a5 20. Bh3 Ncd4 21. Nxd4 cxd4 22. Bxf5 exf5 23. Nh3 Bc8 24. Ng1 h4 {0-1 Schirra,M (1656)-Engel,L (1740) GER-ch U12 Oberhof 2013 (6)}) ({RR} 10. f5 Be7 11. fxe6 fxe6 12. Ne2 Nd7 13. Nf4 Nf8 14. d4 g5 15. Nd3 g4 16. Nh4 c4 17. Nc5 Bxc5 18. dxc5 Qe7 19. Qd4 Rh7 20. b4 Bc6 21. Be3 O-O-O 22. Qd2 Qe8 23. Bg5 Rdd7 24. Rf2 Rdf7 {½-½ Dominguez Aguilar,G (2317)-Chirivi Castiblanco,J (2109) Mexico City Latinoamericano-C 1st 2021 (7)}) 10... Nh6 11. Ne2 Be7 12. Bd2 Nc6 13. c3 h4 14. d4 hxg3 15. hxg3 Nf5 16. Qf2 c4 17. g4 Nh4 18. Nxh4 Bxh4 19. Qf3 Qd7 20. f5 O-O-O 21. fxe6 fxe6 22. g5 Ne7 23. Bh3 Kc7 24. Qg4 Nf5 25. Nf4 Bc8 26. Nxe6+ Qxe6 27. Qxf5 Bf2+ 28. Rxf2 Rxh3 29. Qxe6 Bxe6 30. Rh2 Rf8 31. Rxh3 Bxh3 32. Be3 Kd7 33. Kh2 Rf3 34. Re1 Ke6 35. Bc1 Bf5 36. Be3 Be4 37. Re2 Kf5 38. Rf2 Rxf2+ 39. Bxf2 Kxg5 40. Kg3 Kf5 41. Be3 Bc2 42. Bf4 Bd1 43. a3 Bh5 44. Bc1 Bf7 45. Kh4 Ke4 46. Bg5 Be6 47. Be7 Kf5 48. Bd8 g6 49. Be7 Bd7 1/2-1/2

[Event "Olympiad Women 2024"]
[Site "Budapest HUN"]
[Date "2024.09.14"]
[Round "4.16"]
[Board "1"]
[White "Dornbusch, Tatiana"]
[Black "Efroimski, Marsel"]
[Result "1-0"]
[WhiteElo "2212"]
[BlackElo "2408"]
[PlyCount "103"]
[EventDate "2024.09.11"]
[WhiteTeam "Monaco"]
[BlackTeam "Israel"]
[WhiteTeamCountry "MNC"]
[BlackTeamCountry "ISR"]

1. d4 Nf6 2. Nf3 e6 3. g3 b5 4. Bg2 Bb7 5. a4 b4 6. c4 c5 7. O-O cxd4 8. Qxd4 Nc6 9. Qd3 ({RR} 9. Qf4 Ne7 10. Ne5 Bxg2 11. Kxg2 Ng6 12. Nxg6 hxg6 13. Be3 Rh5 14. Nd2 Rf5 15. Qd4 Bc5 16. Qd3 Qc7 17. Bxc5 Rxc5 18. e4 Kf8 19. b3 d5 20. exd5 exd5 21. Rad1 Rd8 22. Qf3 Rd7 23. Rfe1 Qd8 {1-0 Adly,A (2596)-Ivanchuk,V (2678) Djerba Blitz Masters 2021 (8)}) 9... Na5 ({RR} 9... Bc5 10. b3 O-O 11. Bb2 d5 12. cxd5 exd5 13. Nbd2 Rc8 14. Rac1 Bb6 15. Nd4 Ne5 16. Qf5 Re8 17. Nb5 Rxc1 18. Rxc1 Neg4 19. Nd4 g6 20. Qf3 Ne5 21. Qf4 Nh5 22. Qh4 Qxh4 23. gxh4 Nf4 24. Bf1 {0-1 Bilan,D (2303)-Adewumi,T (2351) Titled Tue 26th Mar Late 2024 (11)}) 10. Be3 $146 ({RR} 10. Bg5 h6 11. Bxf6 Qxf6 12. Nbd2 Qxb2 13. Ne4 Bxe4 14. Qxe4 Rc8 15. Rab1 Qf6 16. Ne5 Bd6 17. Nd3 O-O 18. Rfc1 Qe7 19. Qd4 Bc5 20. Nxc5 Rxc5 21. Rxb4 d5 22. Qe3 Nxc4 23. Qd4 Rfc8 24. Rb5 R5c7 {½-½ Stremavicius,P (2209)-Klabis,R (2332) LTU-ch Vilnius 2021 (5)}) ({RR} 10. Nbd2 Be7 11. e4 d6 12. b3 O-O 13. Bb2 Rc8 14. Rac1 Nd7 15. Rfd1 Qc7 16. Qe3 a6 17. Ne1 Bf6 18. Bxf6 Nxf6 19. Nd3 Nc6 20. h3 Rfd8 21. f4 Nd7 22. g4 Qb8 23. g5 Nc5 24. Nf2 e5 {1-0 Ghevondyan,A (1679)-Vifleemskaia,S (2030) Orsha op 2019 (4)}) ({RR} 10. Bg5 h6 11. Bxf6 Qxf6 12. Nbd2 Bc5 13. Ne4 Bxe4 14. Qxe4 O-O 15. Ne5 Rad8 16. Nd3 Rc8 17. e3 Be7 18. c5 Bxc5 19. Nxc5 Rxc5 20. Qxb4 Rfc8 21. Rad1 d5 22. e4 dxe4 23. Bxe4 Nc4 24. b3 a5 {0-1 Ungurs,E (2214)-Meskovs,N (2524) LAT-chT Riga 2017 (1.2)}) 10... Be4 11. Qd1 Nxc4 12. Bd4 Be7 13. b3 Na5 14. Nbd2 Bb7 15. Qc2 d5 16. Rac1 h6 17. g4 Nc6 18. Ba1 Qd6 19. h3 e5 20. Rfd1 Qe6 21. Nxe5 Nxe5 22. Qc7 Bd6 23. Qxb7 O-O 24. Nf1 Rfb8 25. Bxd5 Qe8 26. Qxa8 Rxa8 27. Bxa8 Qxa8 28. Rxd6 Qe4 29. Ng3 Qf4 30. Rcd1 Nexg4 31. hxg4 Nxg4 32. Rd8+ Kh7 33. Bd4 h5 34. Rd5 g6 35. Rd8 f6 36. Rd7+ Kh6 37. Kg2 h4 38. Rh1 Kg5 39. Nf1 Qe4+ 40. Kg1 Qxe2 41. Be3+ Nxe3 42. Nxe3 f5 43. Rxa7 Qd3 44. Rh3 Qb1+ 45. Kh2 Qb2 46. Kg2 Qd4 47. Rh7 Qe4+ 48. Kg1 f4 49. R7xh4 Qb1+ 50. Nf1 Kf5 51. Kg2 Qe4+ 52. Rf3 1-0

[Event "Olympiad Women 2024"]
[Site "Budapest HUN"]
[Date "2024.09.14"]
[Round "4.16"]
[Board "2"]
[White "Klinova, Masha"]
[Black "Zvereva, Marija"]
[Result "1-0"]
[WhiteElo "2227"]
[BlackElo "2035"]
[PlyCount "143"]
[EventDate "2024.09.11"]
[WhiteTeam "Israel"]
[BlackTeam "Monaco"]
[WhiteTeamCountry "ISR"]
[BlackTeamCountry "MNC"]

1. e4 c5 2. Nf3 Nc6 3. Bb5 e6 4. O-O Nge7 5. Re1 a6 6. Bf1 g6 7. c3 Bg7 8. d4 cxd4 9. cxd4 d5 10. e5 ({RR} 10. Nc3 dxe4 11. Nxe4 Nd5 12. Bg5 f6 13. Bh4 O-O 14. Nc5 Re8 15. Rc1 g5 16. Bg3 g4 17. Nd2 f5 18. Be5 Nxe5 19. dxe5 b6 20. Ncb3 Bh6 21. Rc6 Bb7 22. Rd6 Qg5 23. Nc4 Bf8 24. Nd4 Rad8 {1-0 Lu,S (2546)-Polgar,J (2685) Wch Rapid Dubai 2014 (11)}) 10... Nf5 ({RR} 10... O-O 11. Nc3 f6 12. exf6 Bxf6 13. Bh6 Re8 14. g4 b5 15. Qd2 Bd7 16. Bh3 Nc8 17. Qf4 Bg7 18. Bxg7 Kxg7 19. g5 Rf8 20. Qg3 Rxf3 21. Qxf3 Qxg5+ 22. Kh1 Nxd4 23. Qd3 Qf4 24. Bg2 Nb6 25. Re4 {1-0 Sun,Y (2102)-Su,Y (1757) Chinese Youth U20 2024 (5.6)}) 11. Nc3 h6 $146 ({RR} 11... O-O 12. b3 b5 13. Bf4 Bd7 14. Qd2 Rc8 15. Ne2 Qa5 16. Qxa5 Nxa5 17. Ng3 Nxg3 18. hxg3 Nc6 19. Bd2 f6 20. a4 Rb8 21. axb5 axb5 22. exf6 Bxf6 23. Be3 Rb7 24. Rec1 e5 25. dxe5 Nxe5 26. Nxe5 {1-0 Gufeld,E-Sofrevski,J Skopje Solidarnost-05 1971 (1)}) ({RR} 11... O-O 12. Na4 f6 13. b3 fxe5 14. dxe5 b5 15. Nc5 Qb6 16. Ba3 b4 17. Na4 Qa7 18. Bb2 Nh4 19. Rc1 Nxf3+ 20. gxf3 Bd7 21. Nc5 Rf5 22. Bh3 Rg5+ 23. Kh1 Re8 24. f4 Rh5 25. Bg2 Bh6 26. Bxd5 {½-½ Eberth,Z (2230)-Foldi,I (2390) Gyongyos Matra Cup 1998 (4)}) ({RR} 11... O-O 12. Ne2 Bd7 13. Bg5 f6 14. Bf4 fxe5 15. dxe5 Nh4 16. Nxh4 Qxh4 17. g3 Qd8 18. Nd4 g5 19. Nxc6 Bxc6 20. Be3 Bxe5 21. Qg4 Qf6 22. Qxg5+ Qxg5 23. Bxg5 Bxb2 24. Rab1 Bd4 25. Be3 Bc3 26. Rec1 {1-0 Makropoulou,M (2270)-Hadzinikola,E (2080) GRE-ch (Women) 18th 1995}) 12. Ne2 O-O 13. b3 Bd7 14. Ng3 Nh4 15. Nxh4 Qxh4 16. Ne2 Kh7 17. Be3 Rac8 18. Qd2 Qe7 19. a3 Na7 20. a4 Nc6 21. Rec1 f6 22. f4 f5 23. Bf2 Rg8 24. Be1 Bf8 25. Rab1 a5 26. Nc3 Qb4 27. Nb5 Qxd2 28. Bxd2 g5 29. Kf2 Be7 30. g3 gxf4 31. Bxf4 Nb4 32. Nd6 Rc2+ 33. Rxc2 Nxc2 34. Rd1 Bc6 35. Rd2 Nb4 36. Be2 Kg6 37. Ke3 Bg5 38. Bd1 Rb8 39. h4 Be7 40. g4 Bxh4 41. gxf5+ exf5 42. Rh2 Bg5 43. Bh5+ Kh7 44. Bxg5 hxg5 45. Nxf5 Kg8 46. Rg2 Bd7 47. Rxg5+ Kf8 48. Nd6 b5 49. axb5 Bxb5 50. Rf5+ Kg7 51. Rf7+ Kg8 52. Bg6 Be8 53. Bh7+ Kh8 54. Re7 Bh5 55. Bf5 Bd1 56. Ne8 Rxe8 57. Rxe8+ Kg7 58. Ra8 Bxb3 59. Rxa5 Nc6 60. Ra6 Ne7 61. Kf4 Bc4 62. Ra7 Kf8 63. Rc7 Bb5 64. Bd7 Bd3 65. Kg5 Kf7 66. Bg4 Be4 67. Rb7 Kf8 68. Be6 Nc6 69. Kf6 Nd8 70. Rc7 Bf3 71. Bd7 Kg8 72. Rc8 1-0

[Event "Olympiad Women 2024"]
[Site "Budapest HUN"]
[Date "2024.09.14"]
[Round "4.16"]
[Board "3"]
[White "Berezovsky, Fiorina"]
[Black "Levitan, Ronit"]
[Result "1-0"]
[WhiteElo "1976"]
[BlackElo "2137"]
[PlyCount "65"]
[EventDate "2024.09.11"]
[WhiteTeam "Monaco"]
[BlackTeam "Israel"]
[WhiteTeamCountry "MNC"]
[BlackTeamCountry "ISR"]

1. d4 Nf6 2. c4 e6 3. Nc3 d5 4. Nf3 Be7 5. Bf4 O-O 6. e3 b6 7. Bd3 Bb7 8. cxd5 Nxd5 9. Nxd5 Qxd5 10. Bxc7 ({RR} 10. Qc2 h6 11. O-O c5 12. dxc5 Qxc5 13. Qe2 Nc6 14. a3 Bf6 15. Rac1 Qe7 16. Bb1 Rfc8 17. b4 e5 18. Bg3 g6 19. Nd2 Nd8 20. Be4 Rxc1 {½-½ Swapnil,S (2500)-Adly,A (2603) Abu Dhabi op 23rd 2016 (7)}) ({RR} 10. e4 Bb4+ 11. Bd2 Qa5 12. a3 Bxd2+ 13. Qxd2 Qxd2+ 14. Kxd2 Nd7 15. e5 Rfd8 16. Ke3 c5 17. Be4 cxd4+ 18. Nxd4 Bxe4 19. Kxe4 Nc5+ 20. Ke3 Rd5 21. Nc6 Rd3+ 22. Ke2 Rb3 23. Rab1 Nd3 24. g3 Kf8 {1-0 Ilias,N (1629)-Danezis,P (1548) 51st TCh-GRE 2024 (2.10)}) 10... Qa5+ 11. Ke2 $146 ({RR} 11. Kf1 Na6 12. Bg3 Nb4 13. Be2 Ba6 14. a3 Bxe2+ 15. Qxe2 Rac8 16. Rd1 Na2 17. Ne5 Nc1 18. Qd2 Qxd2 19. Rxd2 Nb3 20. Rd1 Rc2 21. Nd3 Rfc8 22. h4 Nd2+ 23. Ke2 Nc4+ 24. Kf3 Nxb2 25. Nxb2 Rxb2 {0-1 Quinn,D (1989)-Kucuksari,K (2337) Lund op 2017 (2)}) ({RR} 11. Nd2 Na6 12. Be5 f6 13. Qh5 f5 14. Qd1 Nb4 15. Bc4 Nd5 16. O-O Rac8 17. a3 b5 18. Bb3 Qb6 19. Nf3 a5 20. Bg3 Bf6 21. Ne5 Bxe5 22. Bxe5 Qc6 23. Qf3 a4 24. Bxd5 Qxd5 25. Qxd5 Bxd5 {½-½ Blaha,V (2153)-Bemak,M (2122) SVK-chT2D 1112 2011 (4.6)}) ({RR} 11. Kf1 Na6 12. Bg3 Nb4 13. Bb1 Rac8 14. Kg1 f5 15. h4 Nd5 16. Ng5 Bxg5 17. hxg5 Qb4 18. Qe2 Rc1+ 19. Kh2 Rxh1+ 20. Kxh1 Ba6 21. a3 Bxe2 22. axb4 Rc8 23. Ba2 a6 24. f3 Kf7 25. e4 Nxb4 {1-0 Davtyan,D (2329)-Rodriguez Redondo,A (2057) Gran Hotel Bali Open A 2022 (6.3)}) 11... Na6 12. Bg3 Nb4 13. Ne5 Nxd3 14. Qxd3 Rac8 15. Rhc1 Rxc1 16. Rxc1 Ba6 17. Nc4 Qxa2 18. Rc2 Rc8 19. b3 Qb1 20. e4 h6 21. Bf4 Bxc4 22. bxc4 b5 23. c5 b4 24. Rc1 Qa2+ 25. Rc2 Qa4 26. Qc4 a5 27. c6 Bf6 28. d5 exd5 29. exd5 Re8+ 30. Be3 Qa1 31. d6 Qe5 32. d7 Qh5+ 33. g4 1-0

[Event "Olympiad Women 2024"]
[Site "Budapest HUN"]
[Date "2024.09.14"]
[Round "4.17"]
[Board "2"]
[White "Li, Yunshan"]
[Black "Cooke, Suzie G."]
[Result "1/2-1/2"]
[WhiteElo "2268"]
[BlackElo "1941"]
[PlyCount "60"]
[EventDate "2024.09.11"]
[WhiteTeam "Canada"]
[BlackTeam "Scotland"]
[WhiteTeamCountry "CAN"]
[BlackTeamCountry "SCO"]

1. d4 e6 2. c4 Nf6 3. g3 d5 4. Bg2 c5 5. cxd5 exd5 6. Nf3 Nc6 7. Nc3 c4 8. O-O Be7 9. Ne5 O-O 10. b3 cxb3 11. axb3 Nb4 ({RR} 11... Be6 12. Nxc6 bxc6 13. Ba3 Bxa3 14. Rxa3 Qe7 15. Qa1 c5 16. dxc5 Qxc5 17. Ra5 Qc6 18. Nb5 Qb6 19. Nd4 a6 20. Rc1 Rfc8 21. Rxc8+ Bxc8 22. Qc3 Bb7 23. Rc5 h6 24. e3 Rd8 25. Rc7 Ne8 26. Re7 {1-0 Hernandez,O (1996)-Guerra De La Rosa,N (1944) Guillermo Garcia Open 2024 (7.17)}) 12. Ba3 Bf5 13. Qd2 Rc8 $146 ({RR} 13... a6 14. Na4 a5 15. Nc5 Nc2 16. Nxb7 Qc7 17. Bxe7 Qxe7 18. Nc5 Nxa1 19. Rxa1 Qc7 20. f3 Rfe8 21. Rc1 Qb6 22. h3 Rac8 23. Kh2 Be6 24. Ra1 Ra8 25. e4 Qb4 26. Qe3 Rec8 27. Ra4 Qb6 28. g4 {1-0 Weetik,V (2423)-Vusatiuk,V (2308) Titled Tuesday intern op 05th Apr Late blitz 2022 (11)}) 14. Rfc1 a5 15. Nd1 Bc2 16. Ne3 Bxb3 17. Nf5 Rxc1+ 18. Rxc1 Kh8 19. Nxe7 Qxe7 20. Nd3 Re8 21. Bf3 Bc4 22. Nxb4 axb4 23. Bxb4 Qe6 24. Ra1 Ne4 25. Qe3 h6 26. Bxe4 Qxe4 27. Qxe4 Rxe4 28. e3 Re8 29. Bc5 b5 30. Ra7 Kg8 1/2-1/2

[Event "Olympiad Women 2024"]
[Site "Budapest HUN"]
[Date "2024.09.14"]
[Round "4.18"]
[Board "1"]
[White "Partac, Elena"]
[Black "Linares Napoles, Oleiny"]
[Result "1/2-1/2"]
[WhiteElo "2078"]
[BlackElo "2201"]
[PlyCount "32"]
[EventDate "2024.09.11"]
[WhiteTeam "Moldova"]
[BlackTeam "Cuba"]
[WhiteTeamCountry "MDA"]
[BlackTeamCountry "CUB"]

1. e4 c6 2. d4 d5 3. exd5 cxd5 4. Bd3 Nc6 5. c3 Nf6 6. Bf4 g6 7. Nf3 Bg7 8. O-O O-O 9. Nbd2 Bf5 10. Bxf5 gxf5 11. Ne5 Rc8 12. h3 $146 ({RR} 12. Re1 Ne4 13. Nxc6 Rxc6 14. f3 Nxd2 15. Qxd2 Kh8 16. Re2 Rg8 17. Rae1 e6 18. Kh1 b5 19. a3 a5 20. Ra1 Rc4 21. b3 Rc8 22. a4 Qb6 23. axb5 Qxb5 24. Ra3 Rxc3 25. Re1 Rxb3 26. Rxa5 Qb4 {0-1 Sergeev,V (2406)-Schneider,I (2517) EU-ch blitz Katowice 2017 (17)}) ({RR} 12. Re1 Ne4 13. Nd3 e6 14. Re3 f6 15. Rh3 Qe8 16. f3 e5 17. Bh6 Ng5 18. Bxg5 fxg5 19. dxe5 Nxe5 20. f4 Nf7 21. Qh5 h6 22. Re1 Qd8 23. fxg5 Nxg5 24. Rg3 Rc6 25. Kh1 d4 26. cxd4 f4 {0-1 Buhmann,R (2587)-Epishin,V (2536) Gibraltar Masters 16th 2018 (10)}) ({RR} 12. Re1 e6 13. Nd3 Na5 14. Nf3 Nc4 15. Nfe5 Nd7 16. Nxd7 Qxd7 17. Qh5 Qe7 18. Qxf5 Qf6 19. Qxf6 Bxf6 20. Re2 h5 21. Nc5 Be7 22. Nxb7 Rc6 23. b4 Nd6 24. Bxd6 Bxd6 25. Nc5 a5 26. a3 Ra8 {1-0 Shuvalova,P (2472)-Safin,T (2157) Kurnosov Mem Rapid 2024 (6.12)}) ({RR} 12. Re1 e6 13. Re3 Nxe5 14. dxe5 Ng4 15. Rg3 f6 16. Nf3 Qb6 17. Qd2 Rc4 18. exf6 Rxf6 19. Bg5 Rg6 20. h3 Nf6 21. Be3 Qd6 22. Rxg6 hxg6 23. Qe2 Ne4 24. Nd2 Nxd2 25. Bxd2 a6 26. Re1 Kf7 {0-1 Monteiro,J (1924)-Padeiro,J (2338) POR-ch Lisbon 2014 (6)}) ({RR} 12. Nd3 e6 13. Qe2 Ne4 14. f3 Nd6 15. Rae1 b5 16. g4 fxg4 17. fxg4 b4 18. Kh1 bxc3 19. bxc3 Nb5 20. Rc1 Na5 21. Nc5 Nd6 22. Be5 Nac4 23. Nxc4 Nxc4 24. Bxg7 Kxg7 25. Rf3 Qg5 26. Rcf1 Nd2 {½-½ Hambleton,A (2454)-Bendayan Claros,A (2167) Titled Tuesday intern op 08th June blitz 2021 (5)}) 12... Qb6 13. Rb1 Qa6 14. Ra1 Qb6 15. Rb1 Qa6 16. Ra1 Qb6 1/2-1/2

[Event "Olympiad Women 2024"]
[Site "Budapest HUN"]
[Date "2024.09.14"]
[Round "4.19"]
[Board "1"]
[White "Theissl Pokorna, Regina"]
[Black "Noshin, Anjum"]
[Result "1-0"]
[WhiteElo "2302"]
[BlackElo "2085"]
[PlyCount "97"]
[EventDate "2024.09.11"]
[WhiteTeam "Austria"]
[BlackTeam "Bangladesh"]
[WhiteTeamCountry "AUT"]
[BlackTeamCountry "BAN"]

1. e4 e5 2. Nf3 Nc6 3. d4 exd4 4. Bc4 Nf6 5. e5 d5 6. Bb5 Ne4 7. Nxd4 Bd7 8. Bxc6 bxc6 9. O-O Bc5 10. f3 Ng5 11. f4 Ne4 12. Be3 Qb8 13. b3 Qb6 14. Qd3 O-O 15. c3 a5 16. Nd2 Nxd2 17. Qxd2 Rfe8 $146 ({RR} 17... f6 18. exf6 Rxf6 19. a3 Qa6 20. b4 Bb6 21. g3 Qc4 22. Nf3 Bh3 23. Ne5 Qa6 24. Rfe1 axb4 25. cxb4 d4 26. Bf2 c5 27. bxc5 Bxc5 28. Re2 Qb7 29. Bxd4 Rd6 30. Bxc5 Rxd2 31. Rxd2 g5 32. fxg5 {0-1 Hynes,A (2190)-Ledger,D (2261) BCF-chT1a 1011 (4NCL) 2010 (2.14)}) ({RR} 17... f6 18. Bf2 Rae8 19. Rae1 fxe5 20. fxe5 Bc8 21. Qg5 Be7 22. Qg3 c5 23. Ne2 Ba6 24. Qg4 Bc8 25. Qg3 Ba6 {½-½ Svoboda,S (2331)-Palecek,P (2212) SVK-chT1E 1314 2013 (3.2)}) ({RR} 17... Rae8 18. Rab1 Qa7 19. b4 Bb6 20. Rfe1 f6 21. exf6 Rxf6 22. a3 c5 23. bxc5 Bxc5 24. Kh1 Re4 25. Nb5 Qb6 26. Qxd5+ Rfe6 27. Bxc5 Rxe1+ 28. Rxe1 Qxc5 29. Qa8+ Kf7 30. Rxe6 Kxe6 31. Nd4+ Kf7 32. Nf3 {1-0 Lacan Rus,D (1886)-Kakavand,R (1612) Wch U10 Batumi 2022 (9)}) 18. Qf2 Qa6 19. Rad1 a4 20. b4 Bb6 21. Qg3 Qc4 22. f5 Qxc3 23. e6 Bxe6 24. fxe6 Rxe6 25. Bf2 Qxg3 26. hxg3 Bxd4 27. Bxd4 Rae8 28. Rf3 Re2 29. Rf2 Re1+ 30. Rxe1 Rxe1+ 31. Kh2 Rd1 32. Bc5 d4 33. Re2 h6 34. Re7 d3 35. Rxc7 Ra1 36. Rd7 Rxa2 37. Rxd3 f5 38. Rd6 Rc2 39. Rxc6 a3 40. Ra6 a2 41. Ra7 g5 42. Be7 Re2 43. Bf6 Re4 44. b5 Rb4 45. Rb7 Rb1 46. b6 a1=Q 47. Bxa1 Rxa1 48. Rc7 Rb1 49. b7 1-0

[Event "Olympiad Women 2024"]
[Site "Budapest HUN"]
[Date "2024.09.14"]
[Round "4.19"]
[Board "2"]
[White "Ahmed, Walijah"]
[Black "Exler, Veronika"]
[Result "1/2-1/2"]
[WhiteElo "1936"]
[BlackElo "2176"]
[PlyCount "61"]
[EventDate "2024.09.11"]
[WhiteTeam "Bangladesh"]
[BlackTeam "Austria"]
[WhiteTeamCountry "BAN"]
[BlackTeamCountry "AUT"]

1. e4 c6 2. d4 d5 3. e5 c5 4. c3 Nc6 5. Be2 cxd4 6. cxd4 Bf5 7. Nf3 e6 8. O-O Nge7 9. Nc3 Bg4 10. Nh4 Bxe2 11. Nxe2 Ng6 12. Nf3 Be7 ({RR} 12... Bb4 13. Bg5 Be7 14. Bxe7 Qxe7 15. Rc1 O-O 16. Rc3 Rac8 17. Re1 Nb4 {½-½ Xie,J (2542)-Karpov,A (2696) Guangzhou m 2000 (4)}) 13. g3 Qb6 ({RR} 13... O-O 14. h4 f6 15. Nf4 Nxf4 16. Bxf4 f5 17. Qd2 Qe8 18. Kg2 Qh5 19. Rac1 h6 20. a3 Rac8 21. Rc3 {½-½ Adams,M (2670)-Ghasi,A (2496) English Open 2024 (7.1)}) 14. h4 h6 15. b3 $146 ({RR} 15. Be3 O-O-O 16. Rb1 Kb8 17. Nc3 Na5 18. h5 Nf8 19. Nd2 Nd7 20. b4 Nc6 21. Na4 Qb5 22. Nc5 Bxc5 23. a4 Qb6 24. bxc5 Qc7 25. Qg4 Rhg8 26. Rb5 Rde8 27. Rfb1 Ka8 28. Rxb7 Qxb7 29. Rxb7 Kxb7 {1-0 Berdayes Ason,D (2509)-Leslie,A (2088) 45th Barbera Open 2023 (1.7)}) 15... Rc8 16. Be3 Ba3 17. Bc1 Qa5 18. Bxa3 Qxa3 19. Qd2 O-O 20. Kg2 Qb4 21. Rfd1 Rc7 22. Ne1 Nge7 23. Nd3 Qxd2 24. Rxd2 Nf5 25. Rc1 Rcc8 26. Ne1 Nb4 27. a3 Rxc1 28. Nxc1 Rc8 29. Ne2 Na6 30. Rc2 Rxc2 31. Nxc2 1/2-1/2

[Event "Olympiad Women 2024"]
[Site "Budapest HUN"]
[Date "2024.09.14"]
[Round "4.19"]
[Board "3"]
[White "Schloffer, Jasmin-Denise"]
[Black "Nusrat Jahan, Alo"]
[Result "1-0"]
[WhiteElo "2168"]
[BlackElo "2033"]
[PlyCount "77"]
[EventDate "2024.09.11"]
[WhiteTeam "Austria"]
[BlackTeam "Bangladesh"]
[WhiteTeamCountry "AUT"]
[BlackTeamCountry "BAN"]

1. d4 d5 2. c4 e6 3. Nc3 c6 4. e3 Nf6 5. Nf3 Nbd7 6. Be2 Bd6 7. O-O O-O 8. b3 Ne4 9. Nxe4 dxe4 10. Nd2 f5 11. f4 ({RR} 11. Bb2 Bxh2+ 12. Kxh2 Qh4+ 13. Kg1 Rf6 14. f3 Rh6 15. Qe1 Qh2+ 16. Kf2 Qh4+ 17. Kg1 Qh2+ 18. Kf2 Qh4+ 19. Kg1 Qh2+ 20. Kf2 {½-½ Nihal,S (2652)-Ponkratov,P (2659) FIDE Grand Swiss 2021 (4)}) 11... c5 ({RR} 11... exf3 12. Nxf3 b6 13. Qc2 c5 14. e4 cxd4 15. exf5 Nc5 16. Bg5 Qc7 17. b4 Nb7 18. fxe6 Bxe6 19. Bd3 h6 20. Bh7+ Kh8 21. Nh4 Rxf1+ 22. Rxf1 Bg8 23. Bxg8 Kxg8 24. Bxh6 Bxh2+ 25. Kh1 Be5 26. Bg5 {1-0 Dobrikov,M (2248)-Milliet,S (2392) WWRR IM 2024 (9.3)}) 12. Bb2 b6 13. Nb1 $146 ({RR} 13. Qe1 Qe7 14. Rd1 Nf6 15. Qf2 Bb7 16. h3 Rad8 17. Rfe1 Qc7 18. Nf1 Qe7 19. Rd2 cxd4 20. Rxd4 Bc5 21. Rxd8 Rxd8 22. Rd1 Rxd1 23. Bxd1 Bc6 24. Qd2 Qd6 25. Qxd6 Bxd6 26. Bxf6 gxf6 27. Kf2 Kf7 {½-½ Tartakower,S-Gruenfeld,E Ujpest Schachklub 25 Years 1934}) ({RR} 13. Qc2 Bb7 14. Rad1 Qe7 15. Nb1 Rac8 16. Nc3 cxd4 17. exd4 Qh4 18. Bc1 g5 19. g3 Qh3 20. d5 gxf4 21. Bxf4 Bc5+ 22. Kh1 e5 23. Bc1 Rf7 24. Rfe1 Rg7 25. Bf1 Qh5 26. Qg2 Rf8 27. Be2 Qg6 {1-0 Szirmai,E (2190)-Pint,P (2145) Zalakaros op 17th 1998 (4)}) ({RR} 13. Qe1 Qe7 14. Rd1 cxd4 15. Bxd4 e5 16. fxe5 Nxe5 17. Nb1 Be6 18. Nc3 Rad8 19. g3 Nc6 20. Nb5 Nxd4 21. Nxd4 Bd7 22. Qf2 Qg5 23. Kh1 Rf6 24. Nb5 Bxb5 25. cxb5 Rdf8 26. Rd5 Kh8 27. Bd1 Qh6 {0-1 Faizrakhmanov,R (2461)-Ponkratov,P (2634) Moscow op-A 18th 2022 (3)}) 13... Qc7 14. Na3 a6 15. Nc2 Nf6 16. Qd2 Bb7 17. a3 Rad8 18. Qc3 cxd4 19. Nxd4 Bc8 20. b4 e5 21. Nxf5 Bxf5 22. fxe5 Bg4 23. exd6 Rxd6 24. Rxf6 Rdxf6 25. Bxg4 Qf7 26. h3 h5 27. Be2 Rg6 28. Rf1 Qd7 29. Rxf8+ Kxf8 30. Bxh5 Rg5 31. Bg4 Qe7 32. Qd4 Rg6 33. Qe5 Qxe5 34. Bxe5 Rc6 35. c5 bxc5 36. bxc5 Kf7 37. Bd6 Ke8 38. Bf5 a5 39. Bxe4 1-0